Alle europäischen Fußballvereine, die das Triple gewonnen haben - Statistiken

Allgemein
  • Dieses Quiz wurde 190 mal gespielt
  • Das Durchschnittsergebnis liegt bei 6 aus 8
Antwortstatistiken
Team Jahr % Korrekt
Bayern München 2012-13
100%
Barcelona 2008-09
94%
Manchester City 2022-23
94%
Inter Milan 2009-10
87%
Manchester United 1998-99
80%
Ajax 1971-72
65%
Celtic 1966-67
43%
PSV Eindhoven 1987-88
34%
Keine übereinstimmenden Quizze gefunden
Verteilung der Resultate
Anzahl Personen mit jedem Resultat
Perzentil nach korrekt beantworteten Fragen
Ihre Resultats-Entwicklung
Sie haben dieses Quiz noch nicht gespielt